000 01695nam a2200361 a 4500
001 ebr10520720
003 CaPaEBR
006 m u
007 cr cn|||||||||
008 120114s2011 dcu sb 000 0 eng d
020 _z0309220122
020 _z9780309220125
040 _aCaPaEBR
_cCaPaEBR
035 _a(OCoLC)761105972
043 _an-us---
050 1 4 _aQC793.5.N462
_bN38 2011eb
110 2 _aNational Research Council (U.S.)
245 1 3 _aAn assessment of the National Institute of Standards and Technology Center for Neutron Research
_h[electronic resource] :
_bfiscal year 2011 /
_cNational Research Council of the National Academies.
260 _aWashington, D.C. :
_bNational Academies Press,
_c2011.
300 _avii, 24 p.
500 _a"Panel on Neutron Research, Laboratory Assessments Board, Division on Engineering and Physical Sciences."
504 _aIncludes bibliographical references.
533 _aElectronic reproduction.
_bPalo Alto, Calif. :
_cebrary,
_d2012.
_nAvailable via World Wide Web.
_nAccess may be limited to ebrary affiliated libraries.
650 0 _aNeutrons.
650 0 _aNuclear physics
_xResearch
_zUnited States.
650 0 _aNuclear facilities
_zUnited States.
655 7 _aElectronic books.
_2local
710 2 _aNational Research Council (U.S.).
_bPanel on Neutron Research.
710 2 _aNational Research Council (U.S.).
_bLaboratory Assessments Board.
710 2 _aNational Research Council (U.S.).
_bDivision on Engineering and Physical Sciences.
710 2 _aebrary, Inc.
856 4 0 _uhttp://site.ebrary.com/lib/rucke/Doc?id=10520720
_zAn electronic book accessible through the World Wide Web; click to view
999 _c237830
_d237830